000 00807cab a22001935a 4500
001 L152455
008 110309e20110120xxk 000 0 eng d
035 _a(Sirsi) u152455
041 0 _aeng
100 1 _aMackenzie, Stuart
245 0 0 _aBest employers index
_bwho do you really want to work for?
260 _c2011
490 _aConstruction News
_v(7207) 3 March 2011, 24-29(6)
520 _aThe index is based on the results of a detailed survey completed by the companies taking part; examines the 6 companies that were identified as the industry's best employers; lists of the top 7 companies for categories including diversity, pay and reward, and training and development; commentary.
590 _aKA
651 4 _aUnited Kingdom
_y
690 _aCAREERS, EDUCATION AND TRAINING
942 _n0
999 _c82972
_d82972